FLORICULTURE IN INDIA (Record no. 5171)

MARC details
000 -LEADER
fixed length control field 00413nam a22001697a 4500
005 - DATE AND TIME OF LATEST TRANSACTION
control field 20160903150211.0
008 - FIXED-LENGTH DATA ELEMENTS--GENERAL INFORMATION
fixed length control field 160903b xxu||||| |||| 00| 0 eng d
020 ## - INTERNATIONAL STANDARD BOOK NUMBER
ISBN 81-7873-057-8
041 ## - LANGUAGE CODE
Language code of text/sound track or separate title eng
082 ## - DEWEY DECIMAL CLASSIFICATION NUMBER
Item number 20932
100 ## - MAIN ENTRY--AUTHOR NAME
Personal name RANDHAWA, G.S. & MUKHOPADHYAY, A
245 ## - TITLE STATEMENT
Title FLORICULTURE IN INDIA
260 ## - PUBLICATION, DISTRIBUTION, ETC. (IMPRINT)
Name of publisher ALLIED PUBLISHERS
Year of publication 2016
300 ## - PHYSICAL DESCRIPTION
Number of Pages 630
650 ## - SUBJECT ADDED ENTRY--TOPICAL TERM
Topical Term AGRICULTURE
942 ## - ADDED ENTRY ELEMENTS (KOHA)
Koha item type Books
Holdings
Lost status Damaged status Collection code Home library Current library Shelving location Date acquired Source of acquisition Cost, normal purchase price Full call number Accession Number Koha item type Copy number
    Reference JRU Library JRU Library SHELF-2-D 03/09/2016 PURCHASE 475.00 635.90954 20932 Books  
    AGRICULTURE JRU Library JRU Library SHELF-43-B 03/09/2016 PURCHASE 475.00 20932 20933 Books 5
    AGRICULTURE JRU Library JRU Library SHELF-43-B 03/09/2016 PURCHASE 475.00 20932 20934 Books 5
    AGRICULTURE JRU Library JRU Library SHELF-43-B 03/09/2016 PURCHASE 475.00 20932 20935 Books 5
    AGRICULTURE JRU Library JRU Library SHELF-43-B 03/09/2016 PURCHASE 475.00 20932 20936 Books 5